|
|
|
|
| LEADER |
00000nam a2200000 i 4500 |
| 001 |
ELB193613 |
| 003 |
FINmELB |
| 005 |
20220125121057.0 |
| 006 |
m o u |
| 007 |
cr cn||||||||| |
| 008 |
220125s2012 mx a fob 000 0 spa d |
| 020 |
|
|
|z 9786074623789
|
| 020 |
|
|
|a 9786074624021
|q (e-book)
|
| 035 |
|
|
|a (OCoLC)995353901
|
| 040 |
|
|
|a FINmELB
|b spa
|e rda
|c FINmELB
|
| 043 |
|
|
|a n-mx---
|
| 050 |
|
4 |
|a F1236
|b .W653 2012
|
| 082 |
0 |
4 |
|a 320.4720904
|2 23
|
| 100 |
1 |
|
|a Woldenberg, José,
|d 1952-
|e autor.
|
| 245 |
1 |
0 |
|a Historia mínima de la transición democrática en México /
|c José Woldenberg.
|
| 250 |
|
|
|a Primera edición.
|
| 264 |
|
1 |
|a México, D.F. :
|b El Colegio de México,
|c 2012.
|
| 300 |
|
|
|a 1 recurso en línea (150 páginas) :
|b ilustraciones, cuadros
|
| 336 |
|
|
|a texto
|b txt
|2 rdacontent/spa
|
| 337 |
|
|
|a computadora
|b c
|2 rdamedia/spa
|
| 338 |
|
|
|a recurso en línea
|b cr
|2 rdacarrier/spa
|
| 504 |
|
|
|a Incluye referencias bibliográficas: páginas 149-150.
|
| 505 |
0 |
0 |
|t La reforma de 1977 y las primeras elecciones luego de ella --
|t De la reforma de 1986 a la crisis del partido hegemónico --
|t La construcción de las nuevas instituciones electorales --
|t Violencia y política --
|t Construyendo la equidad --
|t La alternancia --
|t Anexos.
|
| 588 |
|
|
|a Descripción basada en metadatos suministrados por el editor y otras fuentes.
|
| 590 |
|
|
|a Recurso electrónico. Santa Fe, Arg.: elibro, 2022. Disponible vía World Wide Web. El acceso puede estar limitado para las bibliotecas afiliadas a elibro.
|
| 650 |
|
0 |
|a Democratization
|z Mexico
|x History.
|
| 650 |
|
4 |
|a Democracia
|z México
|x Historia
|y Siglo XX.
|
| 650 |
|
4 |
|a Democracia
|z México
|x Historia
|y Siglo XXI.
|
| 650 |
|
4 |
|a Elecciones
|z México
|x Historia
|y Siglo XX.
|
| 650 |
|
4 |
|a Elecciones
|z México
|x Historia
|y Siglo XXI.
|
| 651 |
|
0 |
|a Mexico
|x Politics and government.
|
| 655 |
|
4 |
|a Libros electrónicos.
|
| 797 |
2 |
|
|a elibro, Corp.
|
| 856 |
4 |
0 |
|u https://elibro.uam.elogim.com/ereader/bidiuam/193613
|z Texto completo
|